000 00575njm a2200181 i 4500
001 C2-0217999
003 PPAK
005 20180729152101.0
008 990718s1989 my |||| ||||| | may d
040 _aPPAK
_beng
_cPPAK
_erda
245 0 0 _aMahsuri : Antara metos, lagenda dan sejarah
264 1 _aAlor Setar, Kedah :
_bPerbadanan Perpustakaan Awam Kedah ,
_c1989
336 _2rdacontent
_atext
337 _2rdamedia
_aunmediated
338 _2rdacarrier
_avolume
500 _aDirakam pada 29/6/89 ; Forum anjuran karyawan (Kedah) ; Tiada transkripsi
942 _ddc
_cB
999 _c163115
_d163115